III Congreso Eucarístico Nacional : reglamento reglamento
Descripción Física:
16 p. ; 16 cm
Materias:
Congressos eucarístics -- Espanya
MARC
| LEADER | 00000nam a2200000Ia 4500 | ||
|---|---|---|---|
| 001 | 16140 | ||
| 008 | 160829s9999 xx 000 0 cat d | ||
| 080 | |a RF-15-42 | ||
| 100 | |a Congreso Eucarístico Nacional (3r : 1926 : Toledo) |9 47056 | ||
| 245 | |a III Congreso Eucarístico Nacional : |b reglamento | ||
| 260 | |a Toledo : |b Imp. del Colegio de María Cristina, [1926?] | ||
| 300 | |a 16 p. ; |c 16 cm | ||
| 590 | |a Prové de 4178, exp. 91 | ||
| 650 | |a Congressos eucarístics |x Espanya |9 47057 | ||
| 856 | 4 | |u https://media.diba.cat/diba/fitxers/arxiu/fulletons/bib_16140_1926_baixa.pdf |y Accés lliure | |
| 856 | 4 | |u https://media.diba.cat/diba/fitxers/arxiu/fulletons/bib_16140_1926_baixa.pdf |y Accés lliure | |
| 901 | |a Arxiu | ||
| 942 | |n 1 |2 udc | ||
| 952 | |0 0 |1 0 |4 0 |6 RF1542 |7 1 |9 53632 |a Arxiu |b Arxiu |d 2016-12-01 |l 0 |o RF-15-42 |p 16140 |r 2016-12-01 00:00:00 |w 2016-12-01 |y ARXIU | ||
| 999 | |c 57498 |d 57498 | ||
| 900 | |a bib_16140_1926_baixa.pdf | ||